000 00612nam a2200205Ii 4500
003 JO-AjNU
008 230606s9999||||xx |||||||||||||| ||und||
020 _a81-317-0378-9
040 _aJO-AjNU
_beng
_erda
_cJO-AjNU
041 _aeng
050 1 4 _aTK5105.585.P66.2006
100 3 _aPopoviciu , Ciprian/ Eric levy abegonli. Patrick Grossette,
_eauthor
_9311
245 0 0 _aDeploying IPv6 Networks
264 3 1 _aNew Jersy:pearson,2004
300 _a624P
336 _atext
_btxt
_2rdacontent
337 _aunmediated
_bn
_2rdamedia
338 _avolume
_bnc
_2rdacarrier
650 4 _aDeploying IPv6 Networks
_9312
999 _aE164
_c164
_d164